|
|
|
|
| LEADER |
00000naa2a2200000 4500 |
| 001 |
395352 |
| 005 |
20231101064619.0 |
| 035 |
|
|
|a (RuTPU)RU\TPU\prd\32622
|
| 090 |
|
|
|a 395352
|
| 100 |
|
|
|a 20050210a2004 k y0rusy50 ca
|
| 101 |
0 |
|
|a rus
|
| 102 |
|
|
|a RU
|
| 200 |
1 |
|
|a Проблемы и задачи по энергосбережению в Москве
|f А. Н. Ремезов
|
| 225 |
1 |
|
|a Энергосбережение в Москве
|
| 461 |
|
1 |
|0 (RuTPU)RU\TPU\prd\913
|x 1609-7505
|t Энергосбережение
|o специализированный журнал
|f Ассоциация инженеров по отоплению, вентиляции, кондиционированию воздуха, теплоснабжению и строительной теплофизике (АВОК), ООО ИИП "АВОК-ПРЕСС"
|d 2000-
|
| 463 |
|
1 |
|0 (RuTPU)RU\TPU\prd\31621
|t № 6
|v С. 5-8
|d 2004
|
| 610 |
1 |
|
|a Москва
|
| 610 |
1 |
|
|a потребление топливно-энергетических ресурсов
|
| 610 |
1 |
|
|a электротеплоснабжение
|
| 610 |
1 |
|
|a ТЭЦ
|
| 610 |
1 |
|
|a энергосбережение
|
| 700 |
|
1 |
|a Ремезов
|b А. Н.
|
| 801 |
|
1 |
|a RU
|b 63413507
|c 20050210
|g PSBO
|
| 801 |
|
2 |
|a RU
|b 63413507
|c 20120418
|g RCR
|
| 942 |
|
|
|c BK
|